[Event "Mogliano Veneto op-B 31st"]
[Site "Mogliano Veneto"]
[Date "2010.05.01"]
[Round "3"]
[White "Niespoli, Carlo"]
[Black "Pavanello, Roberto"]
[Result "1/2-1/2"]
[WhiteElo "1615"]
[BlackElo "1837"]
[PlyCount "82"]
[EventDate "2010.04.30"]
[EventType "swiss"]
[EventRounds "5"]
[EventCountry "ITA"]
[SourceTitle "EXT 2023"]
[Source "ChessBase"]
[SourceDate "2022.10.05"]
[SourceVersion "1"]
[SourceVersionDate "2022.10.05"]
[SourceQuality "1"]

1. e4 e5 2. Nf3 Nc6 3. Bb5 a6 4. Bxc6 dxc6 5. 0-0 f6 6. d4 exd4 7. Nxd4 c5 8. Nb3 Qxd1 9. Rxd1 Bd7 10. Be3 b6 11. a4 Ne7 12. a5 Nc6 13. axb6 cxb6 14. Nc3 Be7 15. Nd5 Bd8 16. Nd2 Be6 17. Nc4 Bxd5 18. exd5 Ne5 19. Nxe5 fxe5 20. c4 Kd7 21. Bd2 Bf6 22. Bc3 Rhe8 23. Re1 b5 24. b3 bxc4 25. bxc4 e4 26. Bxf6 gxf6 27. Ra4 Kd6 28. Rb1 Reb8 29. Rxb8 Rxb8 30. Rxa6+ Ke5 31. g3 Rb4 32. Re6+ Kf5 33. g4+ Kxg4 34. Rxe4+ Kf3 35. Re3+ Kf4 36. Rc3 Ke5 37. Kg2 f5 38. Kf3 h5 39. h4 Ra4 40. Rc1 Ra3+ 41. Kg2 Rd3 1/2-1/2

[Event "Mogliano Veneto op-B 31st"]
[Site "Mogliano Veneto"]
[Date "2010.05.01"]
[Round "2"]
[White "Pavanello, Roberto"]
[Black "Zamengo, Fulvio"]
[Result "1/2-1/2"]
[WhiteElo "1837"]
[BlackElo "1907"]
[PlyCount "96"]
[EventDate "2010.04.30"]
[EventType "swiss"]
[EventRounds "5"]
[EventCountry "ITA"]
[SourceTitle "EXT 2023"]
[Source "ChessBase"]
[SourceDate "2022.10.05"]
[SourceVersion "1"]
[SourceVersionDate "2022.10.05"]
[SourceQuality "1"]

1. e4 e6 2. d4 d5 3. Nc3 Bb4 4. Bd3 Ne7 5. Nf3 c5 6. exd5 exd5 7. 0-0 Nbc6 8. dxc5 Bxc5 9. h3 0-0 10. Bg5 f6 11. Bf4 Be6 12. Qe2 Bf7 13. Rad1 Re8 14. Qd2 Qd7 15. Na4 Bb4 16. c3 Bd6 17. Bxd6 Qxd6 18. c4 d4 19. Nc3 Rad8 20. Ne4 Qc7 21. a3 Ne5 22. Nxe5 fxe5 23. Qg5 Ng6 24. c5 Qe7 25. Qg3 Nf4 26. Nd6 Rxd6 27. cxd6 Qxd6 28. Rfe1 Nxd3 29. Qxd3 Bg6 30. Qc4+ Bf7 31. Qd3 g5 32. Qg3 Qf6 33. h4 h6 34. hxg5 hxg5 35. Re4 Bg6 36. Rg4 Kg7 37. Rxg5 Re7 38. Rd3 e4 39. Rxd4 Qxd4 40. Rxg6+ Kf7 41. Qg4 Qe5 42. Rg5 Qxb2 43. Qf5+ Qf6 44. Qh7+ Ke8 45. Qg8+ Qf8 46. Qd5 Rf7 47. Qxe4+ Kd8 48. Qg4 Qxa3 1/2-1/2

[Event "Mogliano Veneto op-B 31st"]
[Site "Mogliano Veneto"]
[Date "2010.04.30"]
[Round "1"]
[White "Basso, Pier Luigi"]
[Black "Pavanello, Roberto"]
[Result "0-1"]
[WhiteElo "1684"]
[BlackElo "1837"]
[PlyCount "42"]
[EventDate "2010.04.30"]
[EventType "swiss"]
[EventRounds "5"]
[EventCountry "ITA"]
[SourceTitle "EXT 2023"]
[Source "ChessBase"]
[SourceDate "2022.10.05"]
[SourceVersion "1"]
[SourceVersionDate "2022.10.05"]
[SourceQuality "1"]

1. e4 e5 2. Nf3 Nc6 3. d4 exd4 4. Bc4 Bc5 5. c3 Nf6 6. cxd4 Bb4+ 7. Bd2 Bxd2+ 8. Nbxd2 d5 9. exd5 Nxd5 10. Qb3 Na5 11. Qa4+ Nc6 12. Ne5 0-0 13. Nxc6 bxc6 14. Qxc6 Nb4 15. Qxa8 Nc2+ 16. Kf1 Nxa1 17. Qe4 Re8 18. Qf3 Qe7 19. g4 Nc2 20. Qc3 Bxg4 21. Qxc2 Bh3+ 0-1